[Event "Berkshire Berks & Bucks op-C"]
[Site "Berkshire"]
[Date "2023.08.28"]
[Round "6"]
[White "Belur, Ankita"]
[Black "Kasprowicz, Peter"]
[Result "1-0"]
[WhiteElo "1442"]
[BlackElo "1570"]
[PlyCount "103"]
[EventDate "2023.08.26"]
[EventType "swiss"]
[EventRounds "6"]
[EventCountry "ENG"]
[SourceTitle "EXT 2024"]
[Source "ChessBase"]
[SourceDate "2023.10.10"]
[SourceVersion "1"]
[SourceVersionDate "2023.10.10"]
[SourceQuality "1"]

1. c4 e6 2. Nf3 d5 3. cxd5 exd5 4. d4 Nf6 5. Nc3 c6 6. Bf4 Bd6 7. Bxd6 Qxd6 8. g3 0-0 9. Bg2 Bg4 10. 0-0 Nbd7 11. e3 Nb6 12. Qb3 Bxf3 13. Bxf3 Nc4 14. Qc2 Qd7 15. b3 Nd6 16. Na4 Rfe8 17. Bg2 Nfe4 18. Nc5 Nxc5 19. dxc5 Ne4 20. Rad1 Qe7 21. Bxe4 dxe4 22. Rd6 Qg5 23. Rfd1 f5 24. Qc4+ Kh8 25. Re6 h5 26. Rxe8+ Rxe8 27. Qf7 Rg8 28. Qxb7 h4 29. Qc7 h3 30. Qf4 Qh5 31. Rd6 Rf8 32. Qh4 Qxh4 33. gxh4 f4 34. Rxc6 fxe3 35. fxe3 Rf3 36. Re6 Rxe3 37. Kf2 Rc3 38. Rxe4 Rxc5 39. Rc4 Rd5 40. Ra4 a5 41. a3 g5 42. Kg3 Rd3+ 43. Kg4 gxh4 44. Kxh4 Rxb3 45. Rxa5 Kg7 46. Rg5+ Kf6 47. Rg3 Rb5 48. Rxh3 Rf5 49. Kg4 Rg5+ 50. Kf4 Rf5+ 51. Ke4 Kg5 52. Rh5+ 1-0

[Event "Berkshire Berks & Bucks op-C"]
[Site "Berkshire"]
[Date "2023.08.26"]
[Round "2"]
[White "Kasprowicz, Peter"]
[Black "Binu, Nathan"]
[Result "0-1"]
[WhiteElo "1570"]
[BlackElo "1280"]
[PlyCount "120"]
[EventDate "2023.08.26"]
[EventType "swiss"]
[EventRounds "6"]
[EventCountry "ENG"]
[SourceTitle "EXT 2024"]
[Source "ChessBase"]
[SourceDate "2023.10.10"]
[SourceVersion "1"]
[SourceVersionDate "2023.10.10"]
[SourceQuality "1"]

1. d4 Nf6 2. Nf3 d5 3. g3 Bf5 4. Bg2 e6 5. c4 Be7 6. Nc3 0-0 7. Qb3 b6 8. cxd5 exd5 9. Ne5 Be6 10. 0-0 c6 11. Qc2 Qc8 12. Bf4 Bh3 13. e4 Bxg2 14. Kxg2 Nxe4 15. Nxe4 dxe4 16. Qxe4 f6 17. Ng6 hxg6 18. Qxe7 Qd7 19. Qb4 Rd8 20. Rad1 g5 21. Be3 Na6 22. Qc4+ Qd5+ 23. Qxd5+ cxd5 24. Rh1 Nb4 25. a3 Nc6 26. h4 gxh4 27. Rxh4 g5 28. Rg4 Kf7 29. f4 gxf4 30. Rxf4 Re8 31. Rdf1 Re6 32. Bd2 Re2+ 33. R1f2 Rxf2+ 34. Kxf2 Ke6 35. Rh4 Re8 36. Be3 Na5 37. Rh7 Re7 38. Rh6 Nc4 39. Bc1 Nd6 40. Rh1 Ne4+ 41. Kf3 a5 42. g4 Rc7 43. Re1 Rc2 44. Ke3 a4 45. Rg1 Kd6 46. Kd3 Rf2 47. g5 fxg5 48. Bxg5 Nxg5 49. Rxg5 Rxb2 50. Kc3 Rb3+ 51. Kc2 Rxa3 52. Rg6+ Kc7 53. Rg7+ Kc6 54. Rg6+ Kb5 55. Rf6 Rb3 56. Rg6 Kc4 57. Rf6 b5 58. Rg6 b4 59. Rc6+ Kxd4 60. Ra6 Rc3+ 0-1